Las políticas nacionales relativas a la familia en el proceso de desarrollo

Saved in:
Bibliografiske detaljer
Institution som forfatter: Naciones Unidas (Author)
Format: Bog
Sprog:spansk
Udgivet: Nueva York Naciones Unidas 1987
Serier:La Familia, 3
Fag:
Tags: Tilføj Tag
Ingen Tags, Vær først til at tagge denne postø!

MARC

LEADER 00000nam a2200000 a 4500
001 UCQ2111
003 CL-VaPUC
008 980721e19870000US |||||||||||||||||spa|d
082 0 4 |a 362.82  |b NAC  |2 21 
110 2 |a Naciones Unidas  |e author  |9 416024 
245 1 4 |a Las políticas nacionales relativas a la familia en el proceso de desarrollo 
300 |a 65 p 
942 |c BK 
945 |d 19980721 00:00:00  |a crobeson 
260 |a Nueva York  |b Naciones Unidas  |c 1987 
650 0 |a Familias   |9 255641 
650 7 |a POLITICA DEL BIENESTAR  |2 CL-VaPUC  |9 412866 
650 0 |a Bienestar social   |9 255298 
650 0 |a Desarrollo económico y social   |9 256320 
583 |a last modification  |c 20160929 08:46:48  |k Rodrigo Vera 
490 0 |a La Familia, 3 
999 |c 272952  |d 272950 
952 |0 0  |1 0  |4 0  |6 362_820000000000000_NAC_1987  |7 0  |8 A  |9 308182  |a BIBGIM  |b BIBGIM  |d 2019-11-20  |i 1439146  |o 362.82 NAC 1987  |p 1439146  |r 2025-01-15  |w 2019-11-20  |y BK  |k SSL